| 000 | 01789cam a2200313 4500 | ||
|---|---|---|---|
| 001 | ##E135254 | ||
| 002 | ##10124 | ||
| 008 | 061009n2006 000 0 eng u | ||
| 020 | _a9781405131988 | ||
| 035 | _a(Sirsi) u135254 | ||
| 041 | 0 | _aeng | |
| 050 | 0 | 4 | _a692.8 $2 18 |
| 110 | 2 |
_aAqua Group _9865 |
|
| 245 | 0 | 0 | _aAqua Group guide to procurement tendering and contract administration |
| 250 | _a1st edition | ||
| 260 |
_aOxford _bBlackwell Publishing _c2006 |
||
| 300 |
_axxi, 378p. _c25cm. |
||
| 350 | _a24.99 | ||
| 520 | _aMerging of three established books written by the Aqua Group - a highly respected group of quantity surveyors and architects. It has been edited, enlarged and updated into a single volume by Davis Langdon and now covers the entire building process from inception through to final account. Covers: - the briefing stage; - procurement methods; - tendering procedures; and - contract administration. Throughout, the emphasis is on current best practice and the book draws from the widely used Joint Contracts Tribunal (JCT) series of contracts, notably the 2005 edition of the Standard Building Contract. Provides a detailed account of the building team's roles and responsibilities, and industry practice required to ensure that projects meet clients' expectations in respect of time, cost and quality. | ||
| 520 | _aRevised and updated from "Tenders and contracts for building" (3rd edition 1975, 1982 ,1990, 1999) and "Pre-contract practice and contract administration" (2003) | ||
| 520 | _aSuperseded by 2 ed ISBN 9781118346549 | ||
| 590 | _aIKA171006 | ||
| 651 | 4 |
_aUnited Kingdom _y |
|
| 690 |
_aProcurement _96260 |
||
| 700 | 1 |
_aHackett, Mark _eeditor |
|
| 700 | 1 |
_aRobinson, Ian _eeditor |
|
| 700 | 1 |
_aStatham, Gary _eeditor |
|
| 942 | _n0 | ||
| 999 |
_c105969 _d105969 |
||